000 004800000a22001930004500
003 LK-CoMWRAF
005 20231103135226.0
008 230817t ||||| |||| 00| 0 eng d
040 _aLK-CoMWRAF
_dLK-CoMWRAF
_eLK-CoMWRAF
041 _aeng
082 _a821
_bSHE
100 _aSherifuddin, Jinnah
245 _aMahjabeen kaaviyam
260 _aSri Lanka (Marudamunai) :
_bAnnai Veliyeettakam,
_c1991
300 _a151p
650 _aPoetry
650 _aTamil
942 _cBK
999 _c1662
_d1662